Đánh giá sự thay đổi diện tích rừng ngập mặn và kiến thức bản địa của người dân trong khai thác và quản lí rừng ngập mặn tại huyện Trần Đề, tỉnh Sóc Trăng : Báo cáo tổng kết đề tài nghiên cứu khoa học của sinh viên
Đánh giá thay đổi diện tích rừng ngập mặn và kiến thức bản địa của người dân trong khai thác và quản lý rừng nhằm đề ra các giải pháp giúp bảo tồn và phát huy kiến thức về rừng ngập mặn cho người dân....
Wedi'i Gadw mewn:
| Prif Awdur: | |
|---|---|
| Fformat: | Llyfr |
| Iaith: | Undetermined |
| Cyhoeddwyd: |
Cần Thơ
Trường Đại học Cần Thơ
2018
|
| Pynciau: | |
| Tagiau: |
Ychwanegu Tag
Dim Tagiau, Byddwch y cyntaf i dagio'r cofnod hwn!
|
| Thư viện lưu trữ: | Trung tâm Học liệu Trường Đại học Cần Thơ |
|---|
| LEADER | 01331nam a2200217Ia 4500 | ||
|---|---|---|---|
| 001 | CTU_229242 | ||
| 008 | 210402s9999 xx 000 0 und d | ||
| 082 | |a 333.75 | ||
| 082 | |b H125 | ||
| 088 | |a TSV2018-75 | ||
| 100 | |a Trần, Văn Hậu | ||
| 245 | 0 | |a Đánh giá sự thay đổi diện tích rừng ngập mặn và kiến thức bản địa của người dân trong khai thác và quản lí rừng ngập mặn tại huyện Trần Đề, tỉnh Sóc Trăng : | |
| 245 | 0 | |b Báo cáo tổng kết đề tài nghiên cứu khoa học của sinh viên | |
| 245 | 0 | |c Trần Văn Hậu (Chủ nhiệm đề tài) ; Vương Tuấn Huy (Người hướng dẫn) | |
| 260 | |a Cần Thơ | ||
| 260 | |b Trường Đại học Cần Thơ | ||
| 260 | |c 2018 | ||
| 520 | |a Đánh giá thay đổi diện tích rừng ngập mặn và kiến thức bản địa của người dân trong khai thác và quản lý rừng nhằm đề ra các giải pháp giúp bảo tồn và phát huy kiến thức về rừng ngập mặn cho người dân. | ||
| 650 | |a Rừng ngập mặn,Mangrove forests | ||
| 910 | |b nthai | ||
| 980 | |a Trung tâm Học liệu Trường Đại học Cần Thơ | ||